Zdokonaľovanie organizácie a chozraščotného riadenia v poľnohospodárskych podnikoch Čiastková úloha. SPEV 903 529 305-01

Uložené v:
Podrobná bibliografia
Hlavný autor: Baumgartnerová, Eva
Médium: Kniha
Jazyk:Slovak
Vydavateľské údaje: Bratislava Výskumný ústav ekonomiky poľnohospodárstva a potravinárstva 1985
Tagy: Pridať tag
Žiadne tagy, Buďte prvý, kto otaguje tento záznam!

MARC

LEADER 00000nam a2200000 4500
001 c027825
005 20221220080730.2
041 0 |a slo 
044 |a SK 
245 1 0 |a Zdokonaľovanie organizácie a chozraščotného riadenia v poľnohospodárskych podnikoch  |b Čiastková úloha. SPEV 903 529 305-01  |c Eva Baumgartnerová 
264 1 |a Bratislava  |b Výskumný ústav ekonomiky poľnohospodárstva a potravinárstva  |c 1985 
300 |a 71 s. 
100 1 |a Baumgartnerová, Eva